00346nam a2200097 a 4500008004100000050001400041100002500055245012700080246003200207350000900239120416s9999 xx |||||||||||||| || u aNA 31 Art aPetherbridge, Deanna10aArt for Architectureccompiled and edited by Deanna Petherbridge; from a research conducted by the Art & architecture rese aa handbook on commissioning a0.00